Тайна острова Скелетов: пер. с англ.; Тайна нервного льва; Тайна острова Скелетов

التفاصيل البيبلوغرافية
المؤلف الرئيسي: Хичкок А. Альфред
مؤلفون آخرون: Лукашов В. В. (иллюстратор)
اللغة:الروسية
منشور في: Москва, Совершенно секретно, 1994
TOC:Тайна нервного льва;
Тайна острова Скелетов;
سلاسل:Детский детектив
الموضوعات:
التنسيق: MixedMaterials كتاب
KOHA link:https://koha.lib.tpu.ru/cgi-bin/koha/opac-detail.pl?biblionumber=100762

MARC

LEADER 00000nam0a2200000 4500
001 100762
005 20231101214327.0
010 |a 5852750778 
020 |a RU  |b 94-17759 
035 |a (RuTPU)RU\TPU\book\108442 
090 |a 100762 
100 |a 20060825d1994 m y0rusy5003 ca 
101 1 |a rus  |c eng 
102 |a RU 
105 |a a z 000ay 
200 1 |a Тайна острова Скелетов  |e пер. с англ.  |f Альфред Хичкок и Три Сыщика  |g худож. В. В. Лукашов 
210 |a Москва  |c Совершенно секретно  |d 1994 
215 |a 267,[2] с.  |c ил.  |d 21 см 
225 1 |a Детский детектив 
464 |t Тайна нервного льва 
464 |t Тайна острова Скелетов 
610 1 |a детективные романы 
675 |a 82  |z rus  |v 3 
700 1 |a Хичкок  |b А.  |c англо-американский кинематографист  |c сценарист  |c режиссер  |f 1899-1980  |g Альфред  |2 stltpush  |3 (RuTPU)RU\TPU\pers\17081  |9 6221 
702 1 |a Лукашов  |b В. В.  |4 440 
801 0 |a RU  |b RuMRKP  |c 19950413  |g psbo 
801 1 |a RU  |b 63413507  |c 20060825  |g PSBO 
801 2 |a RU  |b 63413507  |c 20060825  |g PSBO 
942 |c BK